Statistics for Asia Capitals Quiz

Click here to take the quiz!

General Stats

  • This quiz has been taken 249,286 times
  • The average score is 32 of 48

Answer Stats

CountryCapital% Correct
JapanTokyo
94%
ChinaBeijing
93%
IndiaNew Delhi
91%
South KoreaSeoul
89%
SingaporeSingapore
86%
IsraelJerusalem
85%
IraqBaghdad
83%
AfghanistanKabul
83%
ThailandBangkok
83%
IndonesiaJakarta
82%
IranTehran
82%
PhilippinesManila
82%
North KoreaPyongyang
78%
TurkeyAnkara
78%
TaiwanTaipei
75%
MalaysiaKuala Lumpur
75%
PakistanIslamabad
75%
KuwaitKuwait City
75%
VietnamHanoi
74%
United Arab EmiratesAbu Dhabi
72%
SyriaDamascus
71%
NepalKathmandu
69%
Saudi ArabiaRiyadh
68%
BangladeshDhaka
68%
MongoliaUlaanbaatar
67%
LebanonBeirut
67%
AzerbaijanBaku
65%
QatarDoha
64%
JordanAmman
63%
CyprusNicosia
62%
CambodiaPhnom Penh
61%
GeorgiaTbilisi
59%
KazakhstanNur-Sultan
56%
ArmeniaYerevan
55%
OmanMuscat
54%
MaldivesMalé
53%
YemenSana'a
53%
East TimorDili
49%
LaosVientiane
49%
BahrainManama
46%
UzbekistanTashkent
46%
BhutanThimphu
45%
KyrgyzstanBishkek
42%
BruneiBandar Seri
Begawan
41%
TurkmenistanAshgabat
37%
TajikistanDushanbe
36%
Sri LankaSri Jayawardenepura
Kotte
36%
MyanmarNaypyidaw
34%

Score Distribution

Percentile by Number Answered

Percent of People with Each Score

Your Score History

You have not taken this quiz